| 000 -LEADER |
| fixed length control field |
00499nam a2200205Ia 4500 |
| 001 - CONTROL NUMBER |
| control field |
12850 |
| 003 - CONTROL NUMBER IDENTIFIER |
| control field |
GE_BSU |
| 008 - FIXED-LENGTH DATA ELEMENTS--GENERAL INFORMATION |
| fixed length control field |
181216s||||||||xx |||||||||||||| ||und|| |
| 040 ## - CATALOGING SOURCE |
| Transcribing agency |
GE_BSU |
| 080 ## - UNIVERSAL DECIMAL CLASSIFICATION NUMBER |
| Universal Decimal Classification number |
547(075.32) |
| 100 ## - MAIN ENTRY--PERSONAL NAME |
| Personal name |
Потанов,В.М. |
| 245 ## - TITLE STATEMENT |
| Title |
Органическая химия |
| 245 ## - TITLE STATEMENT |
| Remainder of title |
Учебник |
| 260 ## - PUBLICATION, DISTRIBUTION, ETC. |
| Place of publication, distribution, etc. |
Москва |
| 260 ## - PUBLICATION, DISTRIBUTION, ETC. |
| Name of publisher, distributor, etc. |
Химия |
| 260 ## - PUBLICATION, DISTRIBUTION, ETC. |
| Date of publication, distribution, etc. |
1976 |
| 300 ## - PHYSICAL DESCRIPTION |
| Extent |
504стр.20см. |
| 653 ## - INDEX TERM--UNCONTROLLED |
| Uncontrolled term |
Органическая химия |
| 942 ## - ADDED ENTRY ELEMENTS (KOHA) |
| Koha item type |
წიგნი |